000 00316nam a2200133Ia 4500
008 231017s9999 xx 000 0 und d
082 _a625.85
082 _bSAB
245 0 _aCold In-Place Recycling Literature Review
245 0 _cAltenea Salomon
260 _bAltenea Salomon
300 _c30cm
942 _cREP
999 _c604516
_d604516